| 000 | 01682nam a22003257a 4500 | ||
|---|---|---|---|
| 005 | 20110407115635.0 | ||
| 008 | 030618s2004 nyua b b 001 0 eng | ||
| 020 |
_a9788184791259 _c25.00 |
||
| 035 | _aB-432189-193 | ||
| 037 | _bBlueberry Books | ||
| 040 |
_adpl _bEnglish |
||
| 082 | _aS | ||
| 245 |
_aClever rabbit steals the fire / _cretold and illustrated by Geetika Jain and Aranya Jain |
||
| 250 | _a2nd | ||
| 260 |
_aNew Delhi _bPratham Books _c2011 |
||
| 270 |
_a633-634, 4th "C" Main, 6th 'B' Cross, OMBR Layout, Banaswadi _bBanglore _e560043 |
||
| 300 |
_a28p. _c28cm. (pbk) _bcol. ill. |
||
| 440 | _a | ||
| 700 |
_aJain, Geetika _927137 |
||
| 700 |
_aJain, Aranya _927138 |
||
| 700 |
_aJain, Aranya _927139 |
||
| 700 |
_aJain, Aranya _927140 |
||
| 942 |
_2ddc _cCH _mCLE _hS |
||
| 999 |
_c51494 _d51494 |
||